|
|
|
แสดงรายละเอียดบรรณานุกรม |
|
|
Brief Record
: Get Marc (ISO 2709)
: E-mail record
: |
|
|
| LEADER 00000nam 2200000uu 4500 | |||
| 001 13399128808 | |||
| 003 BCNR | |||
| 008 260519s2568||||th 000 0 tha d | |||
| 020 ^a9786166299366 | |||
| 041 ^atha | |||
| 060 4 ^aWY161^bร623ก 2568 | |||
| 100 0 ^aรุ่งนภา เขียวชะอ่ำ | |||
| 245 00 ^aการพยาบาลผู้ป่วยบาดเจ็บที่สมองตั้งแต่ระยะก่อนถึงโรงพยาบาลสู่การดูแลที่บ้าน =^bNursing care for patients with traumatic brain injury from prehospital to home care /^cรุ่งนภา เขียวชะอ่ำ | |||
| 246 31 ^aNursing care for patients with traumatic brain injury from prehospital to home care | |||
| 250 ^aพิมพ์ครั้งที่ 1 | |||
| 260 ^aขอนแก่น :^bเพ็ญพรินติ้ง,^c2568 | |||
| 300 ^a226 หน้า :^bภาพประกอบ, ตาราง ;^c26 ซม. | |||
| 505 0 ^aบทที่ 1 แนวคิดและทฤษฎีเกี่ยวกับการบาดเจ็บที่สมอง -- บทที่ 2 กายวิภาคศาสตร์และสรีรวิทยาของศีรษะและสมอง -- บทที่ 3 พยาธิสรีรวิทยาของการบาดเจ็บที่ศีรษะและสมอง -- บทที่ 4 แนวคิดภาวะความดันในกะโหลกศีรษะสูงในผู้ป่วยบาดเจ็บที่สมอง -- บทที่ 5 การประเมินสภาพและการตรวจพิเศษเพื่อการวินิจฉัยสำหรับผู้ป่วยบาดเจ็บที่สมอง -- บทที่ 6 การพยาบาลผู้ป่วยบาดเจ็บที่สมองตั้งแต่ระยะก่อนถึงโรงพยาบาลสู่การดูแลที่บ้าน -- บทที่ 7 สาระสำคัญเกี่ยวกับญาติดูแลผู้ป่วยบาดเจ็บที่สมอง -- บทที่ 8 นวัตกรรมทางการพยาบาลกับการดูแลผู้ป่วยบาดเจ็บที่สมอง -- บทที่ 9 การพยาบาลผู้ป่วยบาดเจ็บที่สมอง : กรณีศึกษา | |||
| 650 4 ^aสมอง^xบาดแผลและบาดเจ็บ | |||
| 650 4 ^aสมอง^xศัลยกรรม | |||
| 999 ^aบรรณารักษ์ | |||
| คุณยังไม่ได้ล็อกอิน คุณสามารถมีกิจกรรมร่วมกับเว็บไซต์ได้ แต่ต้องล็อกอินก่อน :: |
|
| สถานะ | |||||||||
| 1. | หนังสือ | WY161 ร623ก 2568 c.1 Barcode: 087967 | ►หนังสือทั่วไป | ถูกยืม กำหนดส่งวันที่ จอง | |||||
| 2. | หนังสือ | WY161 ร623ก 2568 c.2 Barcode: 087968 | ►หนังสือทั่วไป | On Shelf | |||||
| 3. | หนังสือ | WY161 ร623ก 2568 c.3 Barcode: 087969 | ►หนังสือทั่วไป | ถูกยืม กำหนดส่งวันที่ จอง | |||||
| 4. | หนังสือ | WY161 ร623ก 2568 c.4 Barcode: 087970 | ►หนังสือทั่วไป | On Shelf | |||||
| 5. | หนังสือ | WY161 ร623ก 2568 c.5 Barcode: 087971 | ►หนังสือทั่วไป | ถูกยืม กำหนดส่งวันที่ จอง | |||||
| [แสดง 5/5 รายการ] | |||||||||
BibComment |
| คอมเมนท์ทรัพยากรรายการนี้ |
|
|